নজরুল জীবনের অশ্রুত কাহিনী / (Record no. 2776)
[ view plain ]
| 000 -LEADER | |
|---|---|
| fixed length control field | 00726nam a2200217 a 4500 |
| 001 - CONTROL NUMBER | |
| JCCL Control Number | 2776 |
| 003 - CONTROL NUMBER IDENTIFIER | |
| JCCL marc code | BD-JhCC |
| 005 - DATE AND TIME OF LATEST TRANSACTION | |
| control field | 20171106185816.0 |
| 008 - FIXED-LENGTH DATA ELEMENTS--GENERAL INFORMATION | |
| fixed length control field | 171106s1987 bg |||| ||a| 00| 0 en d |
| 035 ## - SYSTEM CONTROL NUMBER | |
| system control number | (BD-JhCC)2776 |
| 040 ## - CATALOGING SOURCE | |
| Original cataloging agency | BD-JhCC |
| Modifying agency | BD-JhCC |
| 041 ## - LANGUAGE CODE | |
| Language code of Book | ben |
| 082 ## - DEWEY DECIMAL CLASSIFICATION NUMBER | |
| Classification number | 891.4409 |
| Author mark and Year | ISL 1987 |
| 100 ## - MAIN ENTRY--PERSONAL NAME | |
| Personal name | ইসলাম, শেখ মুহম্মদ নুরুল |
| 245 ## - TITLE STATEMENT | |
| Title | নজরুল জীবনের অশ্রুত কাহিনী / |
| Statement of responsibility, etc | শেখ মুহম্মদ নুরুল ইসলাম |
| 260 ## - PUBLICATION, DISTRIBUTION, ETC. (IMPRINT) | |
| Place of publication, distribution, etc | ঢাকা : |
| Name of publisher, distributor, etc | স্টুডেন্ট ওয়েজ, |
| Date of publication, distribution, etc | 1987. |
| 300 ## - PHYSICAL DESCRIPTION | |
| Pagination | 69 p. : |
| Dimensions | 20 cm. |
| 650 ## - SUBJECT ADDED ENTRY--TOPICAL TERM | |
| Topical term or geographic name as entry element | Bengali Literature |
| 942 ## - ADDED ENTRY ELEMENTS (KOHA) | |
| Source of classification or shelving scheme | Dewey Decimal Classification |
| Koha item type | Books |
| Source of classification or shelving scheme | Damaged status | Not for loan | Home library | Current library | Shelving location | Date of accession | Cost, normal purchase price | Total Checkouts | Full call number | Barcode | Date last seen | Date checked out | Copy number | Koha item type |
|---|---|---|---|---|---|---|---|---|---|---|---|---|---|---|
| Dewey Decimal Classification | JCC Rouf Library | JCC Rouf Library | General Stacks | 11/06/2017 | 25.00 | 1 | 891.4409 ISL 1987 | 4574 | 11/09/2025 | 11/03/2025 | C-1 | Books |